Statistiques concernant Culture Générale - Série 1430

Cliquez ici pour prendre le quiz!

Statistiques générales

  • Ce quiz a été pris 58 fois
  • Le résultat moyen est 7 sur 10

Statistiques - réponses

QuestionRéponse% Correct
Quel est le plus long fleuve français ?Loire
96%
Dans quel pays irez-vous pour visiter le temple à étages de Borobudur, situé au centre de l'île de Java ?Indonésie
93%
De quel prénom féminin a-t-on baptisé une célèbre crêpe, parfumée à l'orange ?Suzette
91%
Dans quel pays peut-on visiter les sites archéologiques de Louksor et de Karnak ?Égypte
89%
Le 11 septembre 1973, quel général prit le pouvoir lors d'un coup d'État au Chili ?Augusto Pinochet
83%
Selon la chanson "Né quelque part", de Maxime Le Forestier : "On choisit pas ses parents, on choisit pas...sa famille
81%
Quel auteur russe du XIXe siècle a écrit les romans : "Les Possédés" et "Le Joueur" ?Dostoïevski
50%
Quelle est la capitale de la Gambie ?Banjul
39%
Quel président est sculpté sur le mont Rushmore, aux côtés de George Washington, Abraham Lincoln et Theodore Roosevelt ?Thomas Jefferson
35%
Dans "Merlin l'enchanteur" de Walt Disney, comment s'appelle le hibou de Merlin ?Archimède
17%

Distribution des résultats

Percentile par nombre de réponses

% des personnes avec chaque résultat

Votre développement - résultats

Vous n’avez pas pris ce quiz